000
00294nam a2200121 a 4500
008
100910s1987|||| d
020
_c
36
044
_a
xo
_c
SK
041
_a
slo
245
1
0
_a
Dáma z Monsoreau
100
1
_a
Dumas, Alexandre
260
_b
Slovenský spisovateľ
_a
Bratislava
_c
1987
999
_c
10255
_d
10255